000 00404nam a2200157Ia 4500
003 LDD
008 190117s9999 xx 000 0 und d
020 _c₹20
040 _cLDD
041 _ahi
100 _aयशपाल
245 0 _aअप्सरा का शाप
_cयशपाल
260 _aइलाहाबाद
_bलोकभारती
_c1984
300 _a135
942 _2ddc
_cH
999 _c167571
_d167571